| 000 | 00359nam a2200145 a 4500 | ||
|---|---|---|---|
| 001 | 334 | ||
| 003 | CDMR | ||
| 005 | 20130116135153.0 | ||
| 008 | 130130s2002||||||||||||||||||||||||||||d | ||
| 040 |
_aCDMR _bcat _cCDMR |
||
| 100 | 1 |
_aBalsells, Sandra _9224 |
|
| 245 | 1 | 0 |
_aBalkan _bin memoriam _cBALSELLS, Sandra |
| 260 |
_aBarcelona _c2002 _bIntermón Oxfam |
||
| 942 | _cMON | ||
| 999 |
_c334 _d334 |
||